The High-caste Hindu woman / (Record no. 10372)
[ view plain ]
| 000 -LEADER | |
|---|---|
| fixed length control field | 01195nam a22002297a 4500 |
| 003 - CONTROL NUMBER IDENTIFIER | |
| control field | GBCCL |
| 005 - DATE AND TIME OF LATEST TRANSACTION | |
| control field | 20241126110731.0 |
| 008 - FIXED-LENGTH DATA ELEMENTS--GENERAL INFORMATION | |
| fixed length control field | 240703b ||||| |||| 00| 0 eng d |
| 020 ## - INTERNATIONAL STANDARD BOOK NUMBER | |
| International Standard Book Number | 9788121297967 |
| 040 ## - CATALOGING SOURCE | |
| Transcribing agency | gbc |
| 082 ## - DEWEY DECIMAL CLASSIFICATION NUMBER | |
| Classification number | 303.484092 |
| Item number | SAR |
| 100 ## - MAIN ENTRY--PERSONAL NAME | |
| Personal name | Sarasvati,Pandita Ramabai |
| Dates associated with a name | 1858-1922 |
| 9 (RLIN) | 18013 |
| 245 ## - TITLE STATEMENT | |
| Title | The High-caste Hindu woman / |
| Statement of responsibility, etc. | Ramabai Sarasvati |
| 260 ## - PUBLICATION, DISTRIBUTION, ETC. | |
| Place of publication, distribution, etc. | New Delhi : |
| Name of publisher, distributor, etc. | Gyan publishing house, |
| Date of publication, distribution, etc. | 2023 |
| 300 ## - PHYSICAL DESCRIPTION | |
| Extent | 142 pages : |
| Other physical details | frontispiece, plates, portraits ; |
| Dimensions | 20 cm |
| 505 ## - FORMATTED CONTENTS NOTE | |
| Formatted contents note | Ramabai Sarasvati was the first woman of the Brahmin caste to visit the U.S. and attend a medical college (Women's Medical College of Pennsylvania), and receive an M.D. She died only a few years after returning to India to practice medicine. The book was written to appeal to Americans to suppor the education of women in India. (PRBM) |
| 505 ## - FORMATTED CONTENTS NOTE | |
| Formatted contents note | Introduction<br/>Prefatory remarks<br/>Childhood<br/>Married life<br/>Woman's place in religion and society<br/>Widowhood<br/>How the condition of women tells upon society<br/>The appeal<br/> |
| 650 ## - SUBJECT ADDED ENTRY--TOPICAL TERM | |
| Geographic subdivision | India |
| Topical term or geographic name entry element | Women |
| 9 (RLIN) | 18014 |
| 650 ## - SUBJECT ADDED ENTRY--TOPICAL TERM | |
| General subdivision | High-caste Hindu woman. |
| 9 (RLIN) | 18015 |
| 650 ## - SUBJECT ADDED ENTRY--TOPICAL TERM | |
| General subdivision | Ramabai Sarasvati, Pandita, . |
| Chronological subdivision | 1858-1922 |
| 9 (RLIN) | 18016 |
| 942 ## - ADDED ENTRY ELEMENTS (KOHA) | |
| Source of classification or shelving scheme | Dewey Decimal Classification |
| Koha item type | Books |
| Koha issues (borrowed), all copies | 1 |
| Withdrawn status | Lost status | Source of classification or shelving scheme | Damaged status | Not for loan | Home library | Current Library | Shelving location | Date acquired | Total checkouts | Full call number | Barcode | Date last seen | Date last checked out | Copy number | Price effective from | Koha item type |
|---|---|---|---|---|---|---|---|---|---|---|---|---|---|---|---|---|
| Dewey Decimal Classification | GRACE BIBLE COLLEGE | GRACE BIBLE COLLEGE | General Studies | 2024-07-03 | 2 | 303.484092 SAR | 017024 | 2025-05-01 | 2024-12-05 | c.1 | 2024-07-03 | Books |